02116nam a2200397 i 4500001001000000003000900010005001700019007000300036008004100039020001800080040003000098041000800128082003000136100006500166245011500231250002100346264007500367300005500442336002700497337003300524338002800557490006900585500003400654500007300688504003900761590002600800650008500826651008400911910003700995942001401032952013301046952012801179952013301307952026101440999001701701000038817DO-SdBNP20241025112950.0ta101007t2012 dr ac 001 0 spa d a9789945462449 aDO-SdBNPbspacBNPHUerda aspa 4a972.93053bC794a 20122221 aCordero Michel, José R., d1931-1959eautor4aut.94617010aAnálisis de la Era de Trujillo :binforme sobre la República Dominicana, 1959 /cJosé R. Cordero Michel. aOctava edición 1asanto Domingo :bComisión Permanente de Efemérides Patrias,c2012. a138 páginas :bilustraciones, retratos ;c23 cm. atextobtxt2rdacontent asin mediaciónbn2rdamedia avolumenbnc2rdacarrier0 aColección 50 Aniversario del ajusticiamiento de Trujillo ;v10 aIncluye índice onomástico aIncluye referencias bibliográficas y notas al pie de las páginas aBibliografía : páginas 133-136 aInventariado, 2020/BT 4aEducaciónzRepública DominicanaxHistoriayEra de Trujillo, 1930-1961946171 4aRepública DominicanaxPolítica y gobiernoyEra de Trujillo, 1930-196191374 aValidado. Control de calidad MFF 2ddccLBS1 00102ddc56708DSaBNPHUbBNPHUcHDd2013-06-04l0oBNPHU DS 972.93053 C794a 2012p38817-30r2020-06-25te.3w2020-06-25yLBS1 00102ddc51708PDaBNPHUbBNPHUcHDd2013-04-25l0oBNPHU PD 972.93053 C794a 2012p38817-10r2020-06-25w2020-06-25yLBS1 00102ddc51708PDaBNPHUbBNPHUcHDd2013-06-04l0oBNPHU PD 972.93053 C794a 2012p38817-20r2020-06-25te.2w2020-06-25yLBS1 00102ddc56708DSaBNPHUbBNPHUcHDd2024-10-24eDonado por la Presidencia de la República Dominicana 2023.l0oBNPHU DS 972.93053 C794a 2012p2024-6100r2024-10-24te.4w2024-10-24yLBS1zPerteneció a la biblioteca personal de Emilio Cordero Michel. c38307d38307